Boletín bibliográfico de Andalucía : monografías / Biblioteca de Andalucía monografías / Biblioteca de Andalucía
Publicado:
[Granada] :
Junta de Andalucía. Consejería de Cultura. Dirección General de Fomento y Promoción Cultural ,
1990
Descripción Física:
2 v. ; 28 cm
Materias:
Andalusia -- Bibliografia
MARC
| LEADER | 00000nam a2200000Ia 4500 | ||
|---|---|---|---|
| 001 | 9486, 9487 | ||
| 003 | BGR | ||
| 005 | 20260324175247.0 | ||
| 008 | 160829s1990 xx 000 0 cat d | ||
| 080 | |a A-1-68, A-1-69 | ||
| 110 | 1 | |9 70312 |a Biblioteca de Andalucía | |
| 245 | |a Boletín bibliográfico de Andalucía : |b monografías / Biblioteca de Andalucía | ||
| 260 | |a [Granada] : |b Junta de Andalucía. Consejería de Cultura. Dirección General de Fomento y Promoción Cultural, |c 1990 | ||
| 300 | |a 2 v. ; |c 28 cm | ||
| 650 | |a Andalusia |x Bibliografia |9 31763 | ||
| 710 | 1 | |9 51320 |a Andalusia |b Junta |b Dirección General de Fomento y Promoción Cultural | |
| 866 | |a 1 (1987), 2 (1988) | ||
| 901 | |a Arxiu | ||
| 942 | |n 1 |2 udc |c MON | ||
| 952 | |0 0 |1 0 |4 0 |6 A168_A169 |7 1 |9 42816 |a Arxiu |b Arxiu |d 2016-12-01 |l 0 |o A-1-68, A-1-69 |p 9486, 9487 |r 2016-12-01 00:00:00 |w 2016-12-01 |y ARXIU | ||
| 999 | |c 45322 |d 45322 | ||